000
00211 a2200097 4500
001
3555
100
_a
Landee, R.W
245
_a
Electronic designers hand book
260
_a
_b
Mcgrawhill
_c
090
_c
2819
_d
2819
942
_a
NUST-CAE
_c
M
_c
20213
999
_c
238628
_d
238628